00301nam a2200121Ia 4500008004100000020001800041041000800059082001100067100001700078245004700095260002400142650001300166220524s9999 xx 000 0 und d a9781780674728 aeng a746.43 aElliott , S. aKnit : Innovations in Fashion, Art, Design bLaurence Kingc2015 aKnitting